Vereine der 3.Liga 2025/26 - Statistiken

Allgemein
  • Dieses Quiz wurde 88 mal gespielt
    29 seit der letzten Aktualisierung
  • Das Durchschnittsergebnis liegt bei 17 aus 20
Antwortstatistiken
Antwort % Korrekt
Energie Cottbus
96%
Hansa Rostock
96%
1.FC Schweinfurt
92%
Erzgebirge Aue
92%
Rot-Weiss Essen
92%
TSV 1860 München
92%
Vfl Osnabrück
92%
Alemannia Aachen
88%
SC Verl
88%
SSV Ulm
88%
Jahn Regensburg
84%
MSV Duisburg
84%
TSG Hoffenheim II
84%
TSV Havelse
84%
VfB Stuttgart II
84%
FC Ingolstadt
80%
SV Waldhof Mannheim
76%
1.FC Saarbrücken
72%
FC Viktoria Köln
72%
SV Wehen Wiesbaden
68%
Keine übereinstimmenden Quizze gefunden
Verteilung der Resultate
Anzahl Personen mit jedem Resultat
Perzentil nach korrekt beantworteten Fragen
Ihre Resultats-Entwicklung
Sie haben dieses Quiz seit der letzten Aktualisierung nicht gespielt